Sports Quiz

Random Sports or MLB Quiz

MLB Most Starts for Each Franchise Quiz Stats

 Plays Quiz Updated Oct 1, 2017

Challenge
Share
Tweet
Embed
Score 0/30 Timer 05:00
0 Plays Today
Franchise Player % Correct
DiamondbacksRandy Johnson
87.8%
Twins/SenatorsWalter Johnson
87.4%
YankeesWhitey Ford, Andy Pettitte
67.6%
MetsTom Seaver
65.3%
OriolesJim Palmer
63.2%
CardinalsBob Gibson
59%
PhilliesSteve Carlton
57.2%
BravesWarren Spahn
52.8%
IndiansBob Feller
49%
CubsFerguson Jenkins
41.9%
GiantsChristy Mathewson
41.2%
MarinersFelix Hernandez
40.6%
DodgersDon Sutton
36.9%
Blue JaysDave Stieb
34.7%
RaysJames Shields
32.8%
Franchise Player % Correct
Red SoxTim Wakefield
29.7%
PadresRandy Jones
26.8%
NationalsSteve Rogers
26.7%
AngelsChuck Finley
24.2%
TigersMickey Lolich
18.3%
RockiesAaron Cook
14.9%
MarlinsRicky Nolasco
14.7%
RangersCharlie Hough
14.5%
AthleticsEddie Plank
11%
AstrosLarry Dierker
9.3%
RoyalsPaul Splittorff
9%
White SoxTed Lyons
8.9%
PiratesBob Friend
6.2%
RedsEppa Rixey
5.3%
BrewersJim Slaton
4.6%

You're not logged in!

Compare scores with friends on all Sporcle quizzes.
Join for Free
OR
Log In

You Might Also Like...

Show Comments

Extras

Top Quizzes Today


Score Distribution

Your Account Isn't Verified!

In order to create a playlist on Sporcle, you need to verify the email address you used during registration. Go to your Sporcle Settings to finish the process.

Report this User

Report this user for behavior that violates our Community Guidelines.

Details: